[Event "Open International Graz"]
[Date "2026.02.17"]
[White "Skrbec, Leon"]
[Black "Waldhausen Gordon, Frederick"]
[WhiteElo "2295"]
[BlackElo "2410"]
[Round "6.6.19"]
[Result "0-1"]

e4 {[%clk 1:27:56]} e6 {[%clk 1:30:49]} d4 {[%clk 1:28:16]} d5 {[%clk 1:31:15]}
Nc3 {[%clk 1:25:37]} Bb4 {[%clk 1:31:18]} e5 {[%clk 1:26:00]} c5 {[%clk
1:31:43]} a3 {[%clk 1:26:23]} Bxc3+ {[%clk 1:32:08]} bxc3 {[%clk 1:26:46]} Nc6
{[%clk 1:32:34]} Nf3 {[%clk 1:24:15]} Qa5 {[%clk 1:32:37]} Bd2 {[%clk 1:24:35]}
Bd7 {[%clk 1:33:02]} Be2 {[%clk 1:12:47]} c4 {[%clk 1:31:09]} h4 {[%clk
1:11:56]} O-O-O {[%clk 1:29:48]} h5 {[%clk 1:10:06]} f6 {[%clk 1:29:41]} O-O
{[%clk 1:01:38]} Nge7 {[%clk 1:22:48]} Qe1 {[%clk 0:58:17]} Rhg8 {[%clk
1:18:00]} g3 {[%clk 0:49:05]} Rdf8 {[%clk 1:14:55]} Bd1 {[%clk 0:43:28]} Qc7
{[%clk 1:07:03]} a4 {[%clk 0:41:07]} h6 {[%clk 1:00:51]} Kg2 {[%clk 0:38:47]}
Rf7 {[%clk 0:54:19]} Bc1 {[%clk 0:33:15]} g5 {[%clk 0:43:46]} exf6 {[%clk
0:32:35]} Rxf6 {[%clk 0:43:54]} Nh2 {[%clk 0:32:21]} e5 {[%clk 0:42:23]} dxe5
{[%clk 0:25:34]} Nxe5 {[%clk 0:42:23]} Be3 {[%clk 0:25:07]} N7c6 {[%clk
0:42:28]} Qd2 {[%clk 0:24:39]} Qd6 {[%clk 0:39:16]} Be2 {[%clk 0:23:16]} g4
{[%clk 0:38:14]} Rfd1 {[%clk 0:19:23]} Bf5 {[%clk 0:38:17]} Kg1 {[%clk 0:19:49]}
Be4 {[%clk 0:38:11]} Bf4 {[%clk 0:19:35]} Qe6 {[%clk 0:34:53]} Rab1 {[%clk
0:14:00]} Rf5 {[%clk 0:33:33]} Rb5 {[%clk 0:12:15]} Nf3+ {[%clk 0:31:41]} Bxf3
{[%clk 0:07:08]} gxf3 {[%clk 0:31:51]} Rdb1 {[%clk 0:07:34]} Rxh5 {[%clk
0:28:40]} Rxb7 {[%clk 0:02:55]} Qh3 {[%clk 0:28:59]} Rb8+ {[%clk 0:02:57]} Nxb8
{[%clk 0:29:22]} Rxb8+ {[%clk 0:03:22]} Kd7 {[%clk 0:29:47]} Rb7+ {[%clk
0:03:44]} Ke6 {[%clk 0:30:06]}

[Variant "Standard"]
[Site "Europe Echecs"]

[Event "Open International Graz"]
[Date "2026.02.17"]
[White "Czernek, Tymon"]
[Black "Bizhigitov, Zhangir"]
[WhiteElo "2403"]
[BlackElo "2300"]
[Round "6.6.20"]
[Result "1-0"]

e4 {[%clk 1:30:59]} e5 {[%clk 1:23:54]} Nf3 {[%clk 1:31:21]} Nc6 {[%clk
1:24:06]} Bc4 {[%clk 1:31:44]} Nf6 {[%clk 1:23:55]} d3 {[%clk 1:32:06]} Bc5
{[%clk 1:24:01]} O-O {[%clk 1:32:21]} d6 {[%clk 1:23:53]} c3 {[%clk 1:32:36]} a5
{[%clk 1:23:59]} Bb3 {[%clk 1:32:19]} h6 {[%clk 1:18:21]} Re1 {[%clk 1:31:15]}
Ba7 {[%clk 1:15:54]} Ba4 {[%clk 1:25:25]} O-O {[%clk 1:07:37]} h3 {[%clk
1:25:12]} Ne7 {[%clk 0:59:39]} Nbd2 {[%clk 1:24:49]} Ng6 {[%clk 0:59:54]} Nf1
{[%clk 1:25:06]} d5 {[%clk 0:54:09]} Qe2 {[%clk 1:22:57]} dxe4 {[%clk 0:50:31]}
dxe4 {[%clk 1:23:22]} c6 {[%clk 0:50:48]} Be3 {[%clk 1:19:59]} Bxe3 {[%clk
0:49:57]} Qxe3 {[%clk 1:20:18]} Be6 {[%clk 0:49:48]} Bb3 {[%clk 1:17:40]} Qe7
{[%clk 0:44:53]} Ng3 {[%clk 1:17:33]} a4 {[%clk 0:44:55]} Bxe6 {[%clk 1:15:45]}
Qxe6 {[%clk 0:44:15]} Nf5 {[%clk 1:15:46]} Ne7 {[%clk 0:40:53]} N3h4 {[%clk
1:14:12]} Nxf5 {[%clk 0:32:38]} Nxf5 {[%clk 1:14:19]} Kh7 {[%clk 0:32:44]} a3
{[%clk 1:09:07]} Rfd8 {[%clk 0:28:40]} Rad1 {[%clk 1:09:03]} Ng8 {[%clk
0:24:06]} Qb6 {[%clk 1:07:41]} Rd7 {[%clk 0:15:48]} Rxd7 {[%clk 1:06:22]} Qxd7
{[%clk 0:16:14]} Ne3 {[%clk 1:05:57]} g6 {[%clk 0:14:10]} Qc5 {[%clk 1:03:31]}
Re8 {[%clk 0:03:47]} Rd1 {[%clk 1:03:18]} Qe6 {[%clk 0:03:55]} Qb4 {[%clk
1:01:49]} Re7 {[%clk 0:01:39]} Rd6 {[%clk 0:58:41]} Qa2 {[%clk 0:01:11]} Rd8
{[%clk 0:57:55]} Qb3 {[%clk 0:01:08]} Qd6 {[%clk 0:54:55]} Qe6 {[%clk 0:01:11]}
Qxe6 {[%clk 0:52:03]} Rxe6 {[%clk 0:00:46]} Rd7 {[%clk 0:52:28]} b5 {[%clk
0:00:50]} Rxf7+ {[%clk 0:52:50]} Kh8 {[%clk 0:01:16]} Kf1 {[%clk 0:52:21]} Nf6
{[%clk 0:00:58]} f3 {[%clk 0:49:29]} Kg8 {[%clk 0:01:08]} Rc7 {[%clk 0:49:12]}
Ne8 {[%clk 0:00:44]} Rd7 {[%clk 0:48:26]} h5 {[%clk 0:00:37]} Ke2 {[%clk
0:48:15]} Nf6 {[%clk 0:15:01]} Rd8+ {[%clk 1:02:25]} Kf7 {[%clk 0:15:15]} h4
{[%clk 1:01:59]} Ke7 {[%clk 0:15:37]} Rc8 {[%clk 1:00:34]} Ne8 {[%clk 0:14:50]}
c4 {[%clk 0:58:45]} Kd7 {[%clk 0:14:48]} Ra8 {[%clk 0:58:54]} Nc7 {[%clk
0:13:17]} Rh8 {[%clk 0:58:45]} Rd6 {[%clk 0:12:33]} Rh7+ {[%clk 0:58:10]} Kd8
{[%clk 0:12:54]} cxb5 {[%clk 0:57:42]} cxb5 {[%clk 0:13:13]} g4 {[%clk 0:55:39]}
Ne6 {[%clk 0:10:16]} Nd5 {[%clk 0:55:57]} Rc6 {[%clk 0:07:26]} Kd3 {[%clk
0:53:20]} Rc1 {[%clk 0:04:28]} gxh5 {[%clk 0:52:08]} gxh5 {[%clk 0:04:51]} Rxh5
{[%clk 0:51:57]} Nc5+ {[%clk 0:04:12]} Ke3 {[%clk 0:52:22]} Re1+ {[%clk
0:03:25]} Kd2 {[%clk 0:51:50]} Rf1 {[%clk 0:02:37]} Rf5 {[%clk 0:51:44]} Nb3+
{[%clk 0:02:39]} Ke3 {[%clk 0:50:22]} Na5 {[%clk 0:02:00]} Rf8+ {[%clk 0:48:20]}
Kd7 {[%clk 0:02:26]} Nb6+ {[%clk 0:48:36]} Kc7 {[%clk 0:00:59]} Rf6 {[%clk
0:48:38]} Rh1 {[%clk 0:00:56]} Rh6 {[%clk 0:48:02]} Rh2 {[%clk 0:01:20]} h5
{[%clk 0:45:39]} Kb7 {[%clk 0:00:57]} f4 {[%clk 0:38:17]} Rh3+ {[%clk 0:00:56]}
Kf2 {[%clk 0:38:44]} exf4 {[%clk 0:01:17]} Nd5 {[%clk 0:37:36]} Nc4 {[%clk
0:00:52]} Nxf4 {[%clk 0:35:53]} Rh2+ {[%clk 0:00:42]} Kg3 {[%clk 0:34:56]} Rxb2
{[%clk 0:01:05]} Rh7+ {[%clk 0:34:50]} Kc6 {[%clk 0:01:15]} h6 {[%clk 0:34:10]}
Nd6 {[%clk 0:00:35]} Re7 {[%clk 0:33:56]} Rb3+ {[%clk 0:00:33]} Kg4 {[%clk
0:34:05]} Rb1 {[%clk 0:00:34]} h7 {[%clk 0:34:22]} Rg1+ {[%clk 0:00:54]} Kh4
{[%clk 0:34:46]}

[Variant "Standard"]
[Site "Europe Echecs"]

[Event "Open International Graz"]
[Date "2026.02.18"]
[White "Lalit Babu M R"]
[Black "Socko, Bartosz"]
[WhiteElo "2511"]
[BlackElo "2580"]
[Round "7.7.1"]
[Result "1-0"]

d4 {[%clk 1:25:48]} Nf6 {[%clk 1:30:54]} c4 {[%clk 1:26:11]} e6 {[%clk 1:31:21]}
Nc3 {[%clk 1:26:36]} Bb4 {[%clk 1:31:46]} e3 {[%clk 1:26:59]} d5 {[%clk
1:32:02]} Bd2 {[%clk 1:27:23]} O-O {[%clk 1:32:18]} Nf3 {[%clk 1:27:49]} Nbd7
{[%clk 1:32:41]} Rc1 {[%clk 1:28:05]} c6 {[%clk 1:32:47]} Qc2 {[%clk 1:26:17]}
Qe7 {[%clk 1:31:01]} Bd3 {[%clk 1:16:29]} dxc4 {[%clk 1:29:38]} Bxc4 {[%clk
1:16:41]} e5 {[%clk 1:29:50]} O-O {[%clk 1:16:05]} Bd6 {[%clk 1:20:27]} h3
{[%clk 1:05:12]} Nb6 {[%clk 0:56:24]} Bb3 {[%clk 1:02:28]} h6 {[%clk 0:46:49]}
dxe5 {[%clk 0:58:57]} Bxe5 {[%clk 0:47:05]} Nxe5 {[%clk 0:59:17]} Qxe5 {[%clk
0:47:31]} f4 {[%clk 0:52:59]} Qe7 {[%clk 0:42:19]} f5 {[%clk 0:39:56]} c5 {[%clk
0:42:26]} Ne2 {[%clk 0:33:42]} Bd7 {[%clk 0:38:44]} Qxc5 {[%clk 0:30:40]} Qxc5
{[%clk 0:38:58]} Rxc5 {[%clk 0:31:08]} Ne4 {[%clk 0:39:04]} Rc2 {[%clk 0:31:16]}
Bb5 {[%clk 0:38:03]} Bb4 {[%clk 0:30:52]} Rfe8 {[%clk 0:32:23]} Re1 {[%clk
0:30:00]} a5 {[%clk 0:29:48]} Bc5 {[%clk 0:27:11]} Nxc5 {[%clk 0:18:58]} Rxc5
{[%clk 0:27:33]} Bc6 {[%clk 0:17:44]} Nd4 {[%clk 0:26:39]} a4 {[%clk 0:18:01]}
Bc2 {[%clk 0:25:33]} Nd7 {[%clk 0:17:52]} Rc3 {[%clk 0:25:06]} Bd5 {[%clk
0:17:58]} Nb5 {[%clk 0:23:17]} Re5 {[%clk 0:16:26]} Nc7 {[%clk 0:23:28]} Ra5
{[%clk 0:16:08]} Rd1 {[%clk 0:21:20]} Nb6 {[%clk 0:04:29]} Nxd5 {[%clk 0:20:03]}
Rexd5 {[%clk 0:04:52]} Rxd5 {[%clk 0:19:55]} Rxd5 {[%clk 0:05:16]} Rc7 {[%clk
0:20:16]} Rb5 {[%clk 0:05:31]} b3 {[%clk 0:19:51]} axb3 {[%clk 0:05:19]} Bxb3
{[%clk 0:20:13]} Nd5 {[%clk 0:05:43]} Rc8+ {[%clk 0:19:16]} Kh7 {[%clk 0:06:11]}
e4 {[%clk 0:19:40]} Nf6 {[%clk 0:05:13]} Bxf7 {[%clk 0:19:51]} g5 {[%clk
0:05:38]} fxg6+ {[%clk 0:18:32]} Kg7 {[%clk 0:05:49]} Rc7 {[%clk 0:18:56]} Rb1+
{[%clk 0:05:58]} Kh2 {[%clk 0:19:22]}

[Variant "Standard"]
[Site "Europe Echecs"]

[Event "Open International Graz"]
[Date "2026.02.18"]
[White "Marn, Jan"]
[Black "Shengelia, David"]
[WhiteElo "2386"]
[BlackElo "2487"]
[Round "7.7.2"]
[Result "0-1"]

Nf3 {[%clk 1:26:07]} Nf6 {[%clk 1:28:04]} c4 {[%clk 1:26:20]} b6 {[%clk
1:26:49]} g3 {[%clk 1:26:39]} Bb7 {[%clk 1:27:02]} Bg2 {[%clk 1:27:04]} g6
{[%clk 1:26:18]} O-O {[%clk 1:26:12]} Bg7 {[%clk 1:26:43]} d4 {[%clk 1:26:32]}
O-O {[%clk 1:26:53]} d5 {[%clk 1:26:20]} e6 {[%clk 1:25:06]} Nc3 {[%clk
1:26:31]} exd5 {[%clk 1:24:29]} cxd5 {[%clk 1:26:52]} Re8 {[%clk 1:24:52]} Re1
{[%clk 1:22:11]} a5 {[%clk 1:11:25]} e4 {[%clk 1:15:10]} d6 {[%clk 1:10:07]} Bf4
{[%clk 0:59:41]} Nbd7 {[%clk 1:08:55]} Qc2 {[%clk 0:59:56]} Nc5 {[%clk 1:07:36]}
Rad1 {[%clk 1:00:12]} Qd7 {[%clk 0:54:58]} Nd4 {[%clk 0:57:05]} Nxd5 {[%clk
0:47:14]} exd5 {[%clk 0:57:24]} Rxe1+ {[%clk 0:47:37]} Rxe1 {[%clk 0:57:50]}
Bxd4 {[%clk 0:48:05]} Qe2 {[%clk 0:57:55]} Ba6 {[%clk 0:39:01]} Qe7 {[%clk
0:57:55]} Qxe7 {[%clk 0:36:46]} Rxe7 {[%clk 0:58:18]} Rc8 {[%clk 0:37:06]} Bg5
{[%clk 0:54:24]} Kf8 {[%clk 0:31:23]} Re1 {[%clk 0:40:48]} Nd3 {[%clk 0:25:40]}
Re2 {[%clk 0:41:16]} Nxb2 {[%clk 0:23:29]} Bh6+ {[%clk 0:41:22]} Kg8 {[%clk
0:23:56]} Rc2 {[%clk 0:39:40]} Nd3 {[%clk 0:23:22]} Ne4 {[%clk 0:36:15]} Nc5
{[%clk 0:21:36]} Rc1 {[%clk 0:32:52]} Re8 {[%clk 0:19:48]} Rd1 {[%clk 0:30:37]}
Nxe4 {[%clk 0:18:58]} Rxd4 {[%clk 0:30:59]} Nc3 {[%clk 0:19:20]}

[Variant "Standard"]
[Site "Europe Echecs"]

[Event "Open International Graz"]
[Date "2026.02.18"]
[White "Travadon, Loic"]
[Black "Sherman, Raem"]
[WhiteElo "2483"]
[BlackElo "2388"]
[Round "7.7.3"]
[Result "1-0"]

d4 {[%clk 1:30:57]} Nf6 {[%clk 1:30:24]} Nc3 {[%clk 1:31:21]} d5 {[%clk
1:29:49]} Bf4 {[%clk 1:31:46]} a6 {[%clk 1:28:55]} e3 {[%clk 1:32:08]} e6 {[%clk
1:28:50]} g4 {[%clk 1:32:22]} Bd6 {[%clk 1:25:50]} Qf3 {[%clk 1:02:37]} c5
{[%clk 1:15:32]} dxc5 {[%clk 1:04:09]} Bxf4 {[%clk 1:10:19]} Qxf4 {[%clk
1:04:09]} Nc6 {[%clk 1:09:52]} Nf3 {[%clk 1:03:21]} Qa5 {[%clk 1:02:11]} O-O-O
{[%clk 1:02:03]} Qxc5 {[%clk 1:01:30]} g5 {[%clk 1:01:07]} Nd7 {[%clk 0:57:19]}
h4 {[%clk 1:00:37]} b5 {[%clk 0:55:13]} h5 {[%clk 0:55:08]} Bb7 {[%clk 0:50:59]}
Bh3 {[%clk 0:54:35]} Qe7 {[%clk 0:42:38]} e4 {[%clk 0:43:53]} d4 {[%clk
0:40:56]} Nd5 {[%clk 0:43:46]} exd5 {[%clk 0:32:10]} exd5 {[%clk 0:44:10]} O-O
{[%clk 0:32:18]} dxc6 {[%clk 0:44:24]} Bxc6 {[%clk 0:32:39]} Rhe1 {[%clk
0:44:37]} Qc5 {[%clk 0:30:13]} Nxd4 {[%clk 0:44:59]} Nb6 {[%clk 0:28:46]} h6
{[%clk 0:33:39]} Rfe8 {[%clk 0:26:37]} hxg7 {[%clk 0:34:02]} Rxe1 {[%clk
0:25:14]} Rxe1 {[%clk 0:32:20]} Re8 {[%clk 0:25:37]} Rxe8+ {[%clk 0:32:21]} Bxe8
{[%clk 0:25:58]} Qf6 {[%clk 0:28:19]} Qd5 {[%clk 0:22:43]} b3 {[%clk 0:27:58]}
Qe4 {[%clk 0:20:13]} Qxb6 {[%clk 0:26:40]} Qh1+ {[%clk 0:20:35]} Kb2 {[%clk
0:27:07]} Qxh3 {[%clk 0:20:57]} Qd8 {[%clk 0:27:27]} Qd7 {[%clk 0:20:46]} Qf6
{[%clk 0:27:53]}

[Variant "Standard"]
[Site "Europe Echecs"]

[Event "Open International Graz"]
[Date "2026.02.18"]
[White "Dehtiarov, Roman"]
[Black "Dahl, Christoph"]
[WhiteElo "2430"]
[BlackElo "2378"]
[Round "7.7.4"]
[Result "1-0"]

e4 {[%clk 1:30:56]} e5 {[%clk 1:30:53]} Nf3 {[%clk 1:31:21]} Nc6 {[%clk
1:31:17]} Bb5 {[%clk 1:31:44]} a6 {[%clk 1:31:42]} Bxc6 {[%clk 1:32:09]} dxc6
{[%clk 1:31:57]} O-O {[%clk 1:32:32]} Bg4 {[%clk 1:31:47]} h3 {[%clk 1:32:58]}
h5 {[%clk 1:32:04]} d3 {[%clk 1:33:19]} Qf6 {[%clk 1:32:07]} Nbd2 {[%clk
1:33:35]} g5 {[%clk 1:31:24]} hxg4 {[%clk 1:33:28]} hxg4 {[%clk 1:31:27]} Re1
{[%clk 1:33:52]} gxf3 {[%clk 1:07:05]} Qxf3 {[%clk 1:34:15]} Qxf3 {[%clk
1:05:22]} Nxf3 {[%clk 1:33:34]} f6 {[%clk 1:05:50]} g3 {[%clk 1:33:10]} O-O-O
{[%clk 1:02:31]} Be3 {[%clk 1:28:32]} Nh6 {[%clk 0:46:54]} Nh2 {[%clk 1:28:48]}
c5 {[%clk 0:41:56]} Kg2 {[%clk 1:20:10]} Rd7 {[%clk 0:40:24]} Kf3 {[%clk
1:16:41]} Be7 {[%clk 0:29:01]} Ng4 {[%clk 1:10:25]} Nf7 {[%clk 0:36:39]} Rad1
{[%clk 1:06:05]} Rdd8 {[%clk 0:31:28]} c3 {[%clk 1:02:37]} Kd7 {[%clk 0:29:08]}
a3 {[%clk 0:41:19]} Ke6 {[%clk 0:26:25]} b4 {[%clk 0:40:45]} cxb4 {[%clk
0:26:13]} axb4 {[%clk 0:41:10]} Nd6 {[%clk 0:26:37]} c4 {[%clk 0:25:02]} Nc8
{[%clk 0:20:03]} c5 {[%clk 0:17:35]} Na7 {[%clk 0:19:56]} d4 {[%clk 0:17:58]}
exd4 {[%clk 0:20:06]} Bxd4 {[%clk 0:18:12]} Nc6 {[%clk 0:16:54]} Bc3 {[%clk
0:18:37]} Rxd1 {[%clk 0:17:15]} Rxd1 {[%clk 0:19:06]} Rd8 {[%clk 0:17:00]} Rxd8
{[%clk 0:19:29]} Bxd8 {[%clk 0:17:00]} Ne3 {[%clk 0:18:47]} b6 {[%clk 0:16:51]}
Nd5 {[%clk 0:16:55]} bxc5 {[%clk 0:16:42]} bxc5 {[%clk 0:17:20]} a5 {[%clk
0:16:25]} Ke3 {[%clk 0:15:55]} a4 {[%clk 0:15:21]} Bb2 {[%clk 0:15:52]} Ne5
{[%clk 0:14:09]} Bxe5 {[%clk 0:15:01]} fxe5 {[%clk 0:13:29]} Kd3 {[%clk
0:15:14]} a3 {[%clk 0:11:37]} Kc2 {[%clk 0:15:35]} Kd7 {[%clk 0:11:42]} Kb3
{[%clk 0:14:36]} a2 {[%clk 0:09:51]} Kxa2 {[%clk 0:14:51]} Kc6 {[%clk 0:10:18]}
Kb3 {[%clk 0:15:13]} Kxc5 {[%clk 0:10:45]} Kc3 {[%clk 0:15:35]} c6 {[%clk
0:09:50]} Ne3 {[%clk 0:15:54]} Ba5+ {[%clk 0:09:32]} Kd3 {[%clk 0:16:19]} Be1
{[%clk 0:09:49]} Ng4 {[%clk 0:16:26]} Kd6 {[%clk 0:08:54]} Ke3 {[%clk 0:15:05]}
Bc3 {[%clk 0:05:04]} Kd3 {[%clk 0:15:25]} Be1 {[%clk 0:05:27]} Kc4 {[%clk
0:15:48]} Bd2 {[%clk 0:03:24]} Nh6 {[%clk 0:14:24]} Be1 {[%clk 0:03:44]} f3
{[%clk 0:13:48]} Ke6 {[%clk 0:03:51]} g4 {[%clk 0:14:13]} Bf2 {[%clk 0:04:18]}
Nf5 {[%clk 0:14:38]} Kd7 {[%clk 0:03:39]} Kd3 {[%clk 0:14:50]} Ke6 {[%clk
0:03:48]} Ke2 {[%clk 0:13:57]} Bg1 {[%clk 0:03:53]} Kd3 {[%clk 0:12:06]} Bf2
{[%clk 0:04:16]} Kc4 {[%clk 0:12:03]} Kd7 {[%clk 0:04:16]} Kb4 {[%clk 0:12:28]}
Ke6 {[%clk 0:04:41]} Kb3 {[%clk 0:10:57]} Kd7 {[%clk 0:04:48]} Ng7 {[%clk
0:11:05]} Ke7 {[%clk 0:04:53]} Kc3 {[%clk 0:10:29]} Kf7 {[%clk 0:03:44]} Nf5
{[%clk 0:10:49]} Ke6 {[%clk 0:04:10]} Kd2 {[%clk 0:11:15]} Kd7 {[%clk 0:04:30]}
Ke2 {[%clk 0:11:20]} Bg1 {[%clk 0:04:57]} Kf1 {[%clk 0:09:23]} Ba7 {[%clk
0:03:53]} Ke2 {[%clk 0:09:33]} Bg1 {[%clk 0:04:19]} Ng3 {[%clk 0:09:59]} Bh2
{[%clk 0:04:19]} Nh5 {[%clk 0:09:16]} Ke7 {[%clk 0:02:12]} Kf2 {[%clk 0:06:51]}
Ke6 {[%clk 0:02:17]} Kf1 {[%clk 0:01:28]} Kd6 {[%clk 0:02:36]} Ke2 {[%clk
0:00:52]} Bg1 {[%clk 0:01:20]} Nf6 {[%clk 0:11:14]} Bh2 {[%clk 0:16:45]} Kd3
{[%clk 0:09:58]} Ke7 {[%clk 0:16:35]} Nh5 {[%clk 0:09:52]} Bg1 {[%clk 0:14:57]}
Ng3 {[%clk 0:10:06]} Ke6 {[%clk 0:14:49]} Kc4 {[%clk 0:10:27]} Bf2 {[%clk
0:15:02]} Ne2 {[%clk 0:10:18]} Be3 {[%clk 0:13:43]} Nc3 {[%clk 0:10:23]} Kd6
{[%clk 0:14:02]} Nb1 {[%clk 0:09:59]} Bc1 {[%clk 0:14:20]} Kb4 {[%clk 0:10:14]}
Be3 {[%clk 0:14:15]} Kc4 {[%clk 0:10:10]} Bc1 {[%clk 0:14:10]} Nc3 {[%clk
0:10:36]} Be3 {[%clk 0:13:17]} Ne2 {[%clk 0:10:57]} Bf4 {[%clk 0:06:47]} Ng1
{[%clk 0:07:38]} Be3 {[%clk 0:07:03]} Nh3 {[%clk 0:08:02]} Bf4 {[%clk 0:06:35]}
Nf2 {[%clk 0:08:26]} Be3 {[%clk 0:06:51]} Nd3 {[%clk 0:08:52]} Bd2 {[%clk
0:05:30]} Kb3 {[%clk 0:08:45]} Be3 {[%clk 0:04:49]} Kc3 {[%clk 0:09:04]} Bg1
{[%clk 0:04:19]} Kb4 {[%clk 0:09:24]} Be3 {[%clk 0:04:40]} Ka5 {[%clk 0:09:44]}
Bd4 {[%clk 0:04:41]} Ka6 {[%clk 0:09:49]} Bg1 {[%clk 0:04:25]} Kb7 {[%clk
0:08:15]} Bd4 {[%clk 0:04:49]} Ka6 {[%clk 0:07:52]} Bg1 {[%clk 0:05:11]} Ka5
{[%clk 0:08:10]} Be3 {[%clk 0:04:00]} Kb4 {[%clk 0:08:35]} Bd4 {[%clk 0:03:33]}
Nc1 {[%clk 0:08:59]} Be3 {[%clk 0:03:45]} Nb3 {[%clk 0:09:26]} Kc7 {[%clk
0:03:22]} Ka5 {[%clk 0:09:43]} Kd6 {[%clk 0:02:57]} Ka6 {[%clk 0:10:08]} Bf4
{[%clk 0:03:10]} Kb6 {[%clk 0:10:22]} Bg3 {[%clk 0:00:56]} Na5 {[%clk 0:10:28]}
Bf2+ {[%clk 0:01:01]} Kb7 {[%clk 0:10:57]} c5 {[%clk 0:00:39]} Nc4+ {[%clk
0:11:08]} Ke6 {[%clk 0:01:06]} Kc6 {[%clk 0:11:34]} Bd4 {[%clk 0:01:12]} Na5
{[%clk 0:11:20]} Bc3 {[%clk 0:01:07]} Nb7 {[%clk 0:11:36]} c4 {[%clk 0:01:34]}
Nd6 {[%clk 0:12:03]} Ba1 {[%clk 0:01:14]} Nxc4 {[%clk 0:12:29]} Bd4 {[%clk
0:01:40]} Na5 {[%clk 0:12:56]} Ba1 {[%clk 0:01:44]} Nb7 {[%clk 0:13:24]} Bb2
{[%clk 0:02:00]} Nc5+ {[%clk 0:13:53]} Ke7 {[%clk 0:02:24]} Kd5 {[%clk 0:14:17]}
Ba1 {[%clk 0:02:51]} Nd3 {[%clk 0:14:36]} Kf6 {[%clk 0:03:19]} Kd6 {[%clk
0:15:00]}

[Variant "Standard"]
[Site "Europe Echecs"]

[Event "Open International Graz"]
[Date "2026.02.18"]
[White "Ambartsumian, Tyhran"]
[Black "Gschnitzer, Adrian"]
[WhiteElo "2364"]
[BlackElo "2429"]
[Round "7.7.5"]
[Result "0-1"]

e4 {[%clk 1:30:13]} c5 {[%clk 1:30:36]} Nf3 {[%clk 1:30:38]} d6 {[%clk 1:30:59]}
d4 {[%clk 1:31:04]} cxd4 {[%clk 1:31:21]} Nxd4 {[%clk 1:31:29]} Nf6 {[%clk
1:31:42]} Nc3 {[%clk 1:31:55]} a6 {[%clk 1:32:04]} Be2 {[%clk 1:32:22]} e5
{[%clk 1:32:11]} Nb3 {[%clk 1:32:47]} Be7 {[%clk 1:32:20]} Be3 {[%clk 1:33:10]}
Be6 {[%clk 1:32:31]} Nd5 {[%clk 1:33:33]} Nbd7 {[%clk 1:32:36]} Qd3 {[%clk
1:33:56]} O-O {[%clk 1:32:35]} O-O {[%clk 1:34:05]} Bxd5 {[%clk 1:32:38]} exd5
{[%clk 1:34:33]} h5 {[%clk 1:32:38]} h3 {[%clk 1:12:22]} g6 {[%clk 1:32:31]} a4
{[%clk 1:07:34]} Nh7 {[%clk 1:32:37]} a5 {[%clk 0:56:21]} Bg5 {[%clk 1:32:49]}
Ra4 {[%clk 0:55:58]} f5 {[%clk 1:29:11]} Bxg5 {[%clk 0:45:01]} Nxg5 {[%clk
1:25:22]} h4 {[%clk 0:34:20]} Ne4 {[%clk 1:23:26]} Rb4 {[%clk 0:34:26]} Rf7
{[%clk 1:19:45]} Qh3 {[%clk 0:21:18]} Rb8 {[%clk 1:14:41]} f3 {[%clk 0:16:29]}
Nef6 {[%clk 1:13:01]} Rd1 {[%clk 0:15:32]} Kh7 {[%clk 1:09:46]} Qg3 {[%clk
0:14:33]} Qc8 {[%clk 0:40:03]} Rc4 {[%clk 0:14:41]} Qg8 {[%clk 0:40:00]} Rb4
{[%clk 0:10:53]} Qc8 {[%clk 0:27:59]} Rc4 {[%clk 0:11:18]} Qg8 {[%clk 0:28:23]}
Rb4 {[%clk 0:11:43]} Rff8 {[%clk 0:26:28]} c3 {[%clk 0:09:11]} Rfc8 {[%clk
0:26:13]} Qf2 {[%clk 0:08:21]} Qd8 {[%clk 0:24:21]} Qa7 {[%clk 0:07:29]} Rc7
{[%clk 0:23:20]} Qe3 {[%clk 0:07:36]} Nc5 {[%clk 0:21:57]} Qg5 {[%clk 0:06:46]}
Nxb3 {[%clk 0:18:36]} Rxb3 {[%clk 0:07:15]} Nd7 {[%clk 0:18:53]} Qxd8 {[%clk
0:07:13]} Rxd8 {[%clk 0:19:21]} c4 {[%clk 0:07:28]} Kg7 {[%clk 0:18:28]} Kf2
{[%clk 0:07:38]} Kf6 {[%clk 0:14:59]} Rc3 {[%clk 0:06:29]} Rb8 {[%clk 0:13:46]}
Rb3 {[%clk 0:03:29]} b6 {[%clk 0:13:08]} axb6 {[%clk 0:03:11]} Rcb7 {[%clk
0:13:27]} Ra1 {[%clk 0:01:27]} Nc5 {[%clk 0:13:22]} Rb4 {[%clk 0:00:43]} Rxb6
{[%clk 0:13:00]} Rxb6 {[%clk 0:01:12]} Rxb6 {[%clk 0:13:22]} Ra2 {[%clk
0:01:40]} f4 {[%clk 0:04:37]} Bd1 {[%clk 0:13:52]} Rxb2+ {[%clk 0:11:31]} Rxb2
{[%clk 0:14:21]} Nd3+ {[%clk 0:11:50]} Ke2 {[%clk 0:13:32]} Nxb2 {[%clk
0:12:09]} Bb3 {[%clk 0:14:01]} a5 {[%clk 0:12:25]} Kd2 {[%clk 0:10:54]} a4
{[%clk 0:12:49]} Kc3 {[%clk 0:05:23]} a3 {[%clk 0:10:40]} Kb4 {[%clk 0:04:03]}
Nd3+ {[%clk 0:10:30]} Kxa3 {[%clk 0:04:31]} Ne1 {[%clk 0:07:33]} Kb4 {[%clk
0:02:12]} Nxg2 {[%clk 0:08:01]} c5 {[%clk 0:02:13]} dxc5+ {[%clk 0:04:41]} Kxc5
{[%clk 0:02:42]} Nxh4 {[%clk 0:04:58]} d6 {[%clk 0:02:16]} Nf5 {[%clk 0:04:21]}
Bc2 {[%clk 0:02:45]} Nd4 {[%clk 0:01:36]} Kb6 {[%clk 0:01:54]} Ke6 {[%clk
0:01:24]} Bxg6 {[%clk 0:01:22]} h4 {[%clk 0:01:46]} Kc7 {[%clk 0:00:46]} Nb5+
{[%clk 0:02:03]} Kc6 {[%clk 0:01:13]} Nxd6 {[%clk 0:02:12]} Bh5 {[%clk 0:01:40]}
Nf7 {[%clk 0:01:51]}

[Variant "Standard"]
[Site "Europe Echecs"]